Pokémon - Les attaques de Berserkatt - Statistiques

Statistiques générales
  • Ce quiz a été pris 17 fois
  • Le résultat moyen est 10 sur 16
Statistiques - réponses
Niveaux Types Noms des attaques % Correct
Départ Normal Griffe
100%
Niveau 16 Acier Griffe Acier
100%
Départ Normal Rugissement
80%
Niveau 31 Normal Combo-Griffe
70%
Départ Acier Mur de Fer
70%
Niveau 48 Acier Strido-Son
70%
Niveau 42 Normal Tranche
70%
Niveau 36 Normal Grincement
60%
Niveau 20 Ténèbres Provoc
60%
Départ Évolution Acier Tête de Fer
60%
Départ Acier Fulmifer
50%
Niveau 12 Normal Jackpot
50%
Niveau 54 Normal Mania
50%
Départ Ténèbres Aiguisage
40%
Niveau 24 Normal Vantardise
40%
Départ Normal Bluff
30%
Aucun quiz correspondant
Distribution des résultats
% des personnes avec chaque résultat
Percentile par nombre de réponses
Votre historique - résultats
Vous n’avez pas pris ce quiz